Statistics for Největší skupiny cizinců žijících v ČR

Click here to take the quiz!

General Stats

  • This quiz has been taken 84 times
  • The average score is 22 of 29

Answer Stats

# Immigrants Country % Correct
116,817Slovensko
99%
21,167Německo
99%
131,709Ukrajina
97%
61,143Vietnam
97%
21,279Polsko
97%
38,223Rusko
96%
3,644Rakousko
94%
7,506Čína
94%
14,684Rumunsko
88%
6,645Maďarsko
87%
4,164Francie
86%
5,268Itálie
86%
9,510Spojené státy americké
84%
2,940Chorvatsko
83%
6,390Bělorusko
83%
4,505Srbsko
83%
15,593Bulharsko
80%
7,093Spojené království
74%
2,384Bosna a Hercegovina
72%
3,109Turecko
72%
4,462Indie
70%
5,833Moldavsko
65%
3,254Nizozemsko
62%
6,174Kazachstán
57%
2,297Makedonie
54%
2,673Jižní Korea
48%
1,916Arménie
48%
9,081Mongolsko
45%
2,266Uzbekistán
28%

Score Distribution

Percentile by Number Answered

Percent of People with Each Score

Your Score History

You have not taken this quiz